000 00953nam a2200253 i 4500
001 16757
003 ES-MaACL
005 20250830103942.0
007 t|
008 001102s1996 sp |||| | spa d
080 _a76.036(73)(064.3)
245 0 0 _aCrossing over changing places
_b: una exposición organizada por Jane M. Farmer & Pyramid Atlantic, Riverdale, Maryland.
260 _a[Madrid] :
_bCentro Cultural del Conde Duque :
_bServicios Culturales e Informativos, Embajada de los Estados Unidos,
_c[1996]
300 _a66 p. ;
_c28 cm.
650 1 4 _aGrabado norteamericano-
_yS.XX-
_vExposiciones.
_9162660
655 7 _2tgfbne
_9193628
_aCatálogos de exposiciones
700 1 _aFarmer, Jane M.
_948875
710 2 _aPyramid Atlantic (Firma)
_96276
710 2 _aCentro Cultural del Conde Duque.
_92579
710 1 _aEstados Unidos.
_bEmbassy (España)
_94025
852 _aES-MaACL
_j2155-F-18
942 _2udc
999 _c16757
_d16757